<?xml version="1.0" encoding="UTF-8"?>
<collection xmlns="http://www.loc.gov/MARC21/slim">
 <record>
  <leader>01630nam a2200349   4500</leader>
  <controlfield tag="001">000010670</controlfield>
  <controlfield tag="003">6878</controlfield>
  <controlfield tag="005">20111216101227.0</controlfield>
  <controlfield tag="008">111216s2007                        viesd</controlfield>
  <datafield tag="041" ind1=" " ind2=" ">
   <subfield code="a">vie</subfield>
  </datafield>
  <datafield tag="072" ind1=" " ind2=" ">
   <subfield code="a">Luận văn Thạc sĩ Khoa học Xã hội và nhân văn</subfield>
  </datafield>
  <datafield tag="082" ind1=" " ind2=" ">
   <subfield code="a">895.922334</subfield>
   <subfield code="b">VO-N</subfield>
  </datafield>
  <datafield tag="100" ind1=" " ind2=" ">
   <subfield code="a">Võ Thị Kim Ngân</subfield>
  </datafield>
  <datafield tag="245" ind1=" " ind2=" ">
   <subfield code="a">Tìm hiểu phong cách nghệ thuật của nhà văn Nguyên Ngọc</subfield>
   <subfield code="c">Võ Thị Kim Ngân</subfield>
  </datafield>
  <datafield tag="260" ind1=" " ind2=" ">
   <subfield code="a">Đà Nẵng</subfield>
   <subfield code="b">Đại học Đà Nẵng</subfield>
   <subfield code="c">2007</subfield>
  </datafield>
  <datafield tag="300" ind1=" " ind2=" ">
   <subfield code="a">104tr</subfield>
   <subfield code="c">29cm</subfield>
  </datafield>
  <datafield tag="500" ind1=" " ind2=" ">
   <subfield code="a">Luận văn Thạc sĩ Khoa học Xã hội và nhân văn. Chuyên ngành: Văn học Việt Nam. Mã số: 60.22.34</subfield>
  </datafield>
  <datafield tag="520" ind1=" " ind2=" ">
   <subfield code="a">Khái niệm sơ lược phong cách nghệ thuật và những tác nhân góp phần tạo nên phong cách nghệ thuật Nguyên Ngọc. Phong cách nghệ thuật văn xuôi Nguyên Ngọc qua các sáng tác trước năm 1975. Phong cách nghệ thuật văn xuôi Nguyên Ngọc sau 1975.</subfield>
  </datafield>
  <datafield tag="653" ind1=" " ind2=" ">
   <subfield code="a">Nguyên Ngọc</subfield>
  </datafield>
  <datafield tag="653" ind1=" " ind2=" ">
   <subfield code="a">Văn học</subfield>
  </datafield>
  <datafield tag="653" ind1=" " ind2=" ">
   <subfield code="a">Luận văn Thạc sĩ Văn học Việt Nam</subfield>
  </datafield>
  <datafield tag="700" ind1=" " ind2=" ">
   <subfield code="a">Phan Ngọc Thu</subfield>
   <subfield code="c">TS</subfield>
   <subfield code="e">Hướng dẫn</subfield>
  </datafield>
  <datafield tag="OWN" ind1=" " ind2=" ">
   <subfield code="a">LSP</subfield>
  </datafield>
  <datafield tag="AVA" ind1=" " ind2=" ">
   <subfield code="a">UDN50</subfield>
   <subfield code="b">LSP</subfield>
   <subfield code="d">895.922334 VO-N</subfield>
   <subfield code="e">available</subfield>
   <subfield code="t">Error 5001 Not defined in file expand_doc_bib_avail.</subfield>
   <subfield code="f">1</subfield>
   <subfield code="g">0</subfield>
   <subfield code="h">N</subfield>
   <subfield code="i">0</subfield>
   <subfield code="k">1</subfield>
  </datafield>
  <datafield tag="999" ind1=" " ind2=" ">
   <subfield code="a">From the UDN01</subfield>
  </datafield>
  <datafield tag="AVA" ind1=" " ind2=" ">
   <subfield code="a">UDN50</subfield>
   <subfield code="b">LSP</subfield>
   <subfield code="d">895.922334 VO-N</subfield>
   <subfield code="e">available</subfield>
   <subfield code="t">Error 5001 Not defined in file expand_doc_bib_avail.</subfield>
   <subfield code="f">1</subfield>
   <subfield code="g">0</subfield>
   <subfield code="h">N</subfield>
   <subfield code="i">0</subfield>
   <subfield code="k">1</subfield>
  </datafield>
  <datafield tag="TYP" ind1=" " ind2=" ">
   <subfield code="a">Monograph</subfield>
  </datafield>
  <datafield tag="TYP" ind1=" " ind2=" ">
   <subfield code="a">Printed language</subfield>
  </datafield>
  <datafield tag="980" ind1=" " ind2=" ">
   <subfield code="a">Mạng thư viện Đại học Đà Nẵng</subfield>
  </datafield>
 </record>
</collection>
